ბათუმის შოთა რუსთაველის სახელმწიფო უნივერსიტეტის ბიბლიოთეკა

თხზულებანი: რომანები / ლავრენტი არდაზიანი (ბიბ.ჩანაწერი № 39474)

000 -LEADER
fixed length control field 00844nam a2200193Ia 4500
001 - CONTROL NUMBER
control field 6068
003 - CONTROL NUMBER IDENTIFIER
control field GE_BSU
008 - FIXED-LENGTH DATA ELEMENTS--GENERAL INFORMATION
fixed length control field 181216s||||||||xx |||||||||||||| ||und||
040 ## - CATALOGING SOURCE
Transcribing agency GE_BSU
080 ## - UNIVERSAL DECIMAL CLASSIFICATION NUMBER
Universal Decimal Classification number 821.353.1-31
100 ## - MAIN ENTRY--PERSONAL NAME
Personal name არდაზიანი, ლავრენტი
245 ## - TITLE STATEMENT
Title თხზულებანი: რომანები / ლავრენტი არდაზიანი
245 ## - TITLE STATEMENT
Statement of responsibility, etc. რედ. ნ. ინასარიძე; ტექსტი გამოსაცემად მოამზადა, შენიშვნები და კომენტარები დაურთო ცირა კალაძემ
260 ## - PUBLICATION, DISTRIBUTION, ETC.
Place of publication, distribution, etc. თბილისი
260 ## - PUBLICATION, DISTRIBUTION, ETC.
Name of publisher, distributor, etc. საბჭოთა საქართველო
260 ## - PUBLICATION, DISTRIBUTION, ETC.
Date of publication, distribution, etc. 1964
300 ## - PHYSICAL DESCRIPTION
Extent 370გვ. 21სმ.
942 ## - ADDED ENTRY ELEMENTS (KOHA)
Koha item type წიგნი

არაა ხელმისაწვდომი ეგზემპლარები.